000 00528 a2200205 4500
005 20260128102959.0
008 260127b |||||||| |||| 00| 0 eng d
020 _a9789360612269
_cRs. 3395.00
040 _aMAIN
082 _a574.88
_bA35I
100 _aAshe, Geoffrey
245 _aIntroduction to molecular biology
260 _bPinakin Publishing
_c2026
_aNew Delhi
300 _ax, 286
650 _aMolecular Biology
650 _aBiology
650 _aGenetics
650 _aDNA Structure
942 _cBK
999 _c394067
_d394067